Normal view
MARC view
Entry Personal Name
001 - CONTROL NUMBER
- control field: 4996
003 - CONTROL NUMBER IDENTIFIER
- control field: HDC
005 - DATE AND TIME OF LATEST TRANSACTION
- control field: 20230624073209.0
008 - FIXED-LENGTH DATA ELEMENTS
- fixed length control field: 210117|| aca||aabn | a|a d
040 ## - CATALOGING SOURCE
- Original cataloging agency: HDC
- Transcribing agency: HDC
100 ## - HEADING--PERSONAL NAME
- Personal name: Anisah Ab Ghani
670 ## - SOURCE DATA FOUND
- Source citation: Work cat.: (HDC): Anisah Ab Ghani author, Penentuan Piawaian Alkohol Dalam Makanan Yang Dibenarkan Dari Perspektif Islam / by , 2010
